00000000nam 2200000za 4500
0019.560543
003CaOODSP
00520240527135425
007cr |||||||||||
008150406s2006||||xxc|||||o    f|0| 0 eng d
020 |a0-662-43279-7
040 |aCaOODSP|beng
043 |an-cn---
0861 |aCW69-14/487-2006E-PDF
1102 |aCanadian Wildlife Service.
24510|aCOSEWIC assessment and status report on the Mapleleaf Mussel, Quadrula quadrula, Saskatchewan – Nelson population, Great Lakes – Western St. Lawrence population, in Canada |h[electronic resource] / |cCommittee on the Status of Endangered Wildlife in Canada.
260 |bEnvironment Canada. |c2006.
300 |a65p.|bgraphs, illus., maps, tables, photographs
500 |a"Saskatchewan-Nelson population - endangered; Great Lakes-Western St. Lawrence population - threatened, 2006".
500 |aAlso available in French under title: Évaluation et rapport de situation du COSEPAC sur la Mulette feuille d'érable (Quadrula quadrula) population de la Saskatchewan - Nelson et population des Grands Lacs - Ouest du Saint-Laurent au Canada.
590 |a07-04|b2007-01-26
69007|aEndangered species|2gcpds
69007|aShellfish|2gcpds
77508|tÉvaluation et rapport de situation du COSEPAC sur la Mulette feuille d'érable Quadrula quadrula : population de la Saskatchewan - Nelson, population des Grands Lacs - Ouest du Saint-Laurent au Canada |w(CaOODSP)9.593209
794 |tCOSEWIC assessment and status report on the Mapleleaf, Quadrula quadrula, Great Lakes - Upper St. Lawrence population, Saskatchewan - Nelson Rivers population, in Canada |w(CaOODSP)9.833130
85640|ahttp://publications.gc.ca|qPDF|s1891 KB|uhttps://publications.gc.ca/collections/Collection/CW69-14-487-2006E.pdf